000 00448nam a2200181Ia 4500
001 4800
005 20260306145821.0
008 260306t2005||||xx |||||||||||||| ||spa||
041 _aESP
082 _a330.12
_bW35
100 _aWeber, Max
_eAUT
245 0 _aEconomía y sociedad:
_besbozo de sociología comprensiva
260 _c2005
300 _axvi, 1237 páginas :
_c24 cm.
650 _aGEN
654 _aCAN
942 _cLIB
_dJUS
_fJUS
_2ddc
_n
999 _c4800
_d4800